| 000 | 01686nam0a2200361 4500 | ||
|---|---|---|---|
| 001 | RU\NLR\BIBL_A\012670195 | ||
| 005 | 20260405153632.0 | ||
| 010 |
_a978-5-85803-558-9 _9300 |
||
| 021 |
_aRU _b2021-52291 _9КН-П-4110 |
||
| 035 | _a(NLR Aleph) 012670195 | ||
| 090 |
_a12782591 _c12782591 |
||
| 100 | _a20211220d2021 |||y0rusy50 ca | ||
| 101 | 0 | _arus | |
| 102 | _aRU | ||
| 105 | _aab z 000zy | ||
| 181 | 0 |
_ai3 _baxxe |
|
| 182 | 0 | _an | |
| 200 | 1 |
_aРаний ашель Западного Предкавказья _dThe early acheulean of the Western Ciscaucasia _fВ. Е. Щелинский _gРоссийская академия наук, Институт истории материальной культуры _zeng |
|
| 203 |
_aТекст _bвизуальный _cнепосредственный |
||
| 210 |
_aСанкт-Петербург _cПетербургское Востоковедение _d2021 |
||
| 215 |
_a130, [1] с. _cил., цв. ил., карты _d29 |
||
| 225 | 1 | _aArchaeologica Petropolitana | |
| 300 | _aАвт. также на англ. яз.: V. E. Shchelinsky | ||
| 320 | _aБиблиогр.: с. 56-62 | ||
| 510 | 1 |
_6z44790 _aThe early acheulean of the Western Ciscaucasia _zeng |
|
| 606 | 1 |
_aАшельская культура _yКавказ _92100637 _3RU\NLR\AUTH\661270479 |
|
| 686 | 1 | _aТ4(2)221 | |
| 700 | 1 |
_8rus _7ca _aЩелинский _bВ. Е. _f1939- _gВячеслав Евгеньевич _3RU\NLR\AUTH\7764641 _947570 |
|
| 790 | 1 |
_8rus _7ba _aŠčelinskij _bV. E. _f1939- _gVjačeslav Evgen'evič _3RU\NLR\AUTH\7764642 _947571 |
|
| 942 | _cBOOK | ||
| 980 | _aNB | ||